|
|
|
|
| LEADER |
00000nab a2200000 a 4500 |
| 001 |
vtls008770925 |
| 003 |
SK-MaSNL |
| 005 |
20260304015404.0 |
| 008 |
050509 19761218xo d 000 0 cze |
| 015 |
|
|
|a SNBRB1977
|
| 040 |
|
|
|a SNKBUCL
|b slo
|c snkbucl
|e AACR2
|
| 041 |
0 |
|
|a slo
|
| 044 |
|
|
|a xo
|c SK
|
| 080 |
|
|
|a 32-051
|2 2001
|
| 080 |
|
|
|a 929 Brežnev, Leonid Iľjič
|2 201
|
| 100 |
1 |
|
|a Medve, Jozef
|4 aut
|9 1296609
|
| 245 |
1 |
0 |
|a Ve Stanči vzpomínají
|b [na pobyt L. I. Brežneva v obci v decembri 1944]
|c Jozef Medve
|
| 300 |
|
|
|b Obr.
|
| 600 |
1 |
7 |
|a Brežnev, Leonid Iľjič,
|d 1906-1982
|2 snkbucl
|9 251040
|
| 651 |
|
7 |
|a Stanča (Slovensko)
|2 SNKPHgeo
|9 58828
|
| 773 |
0 |
|
|t Svobodné slovo
|g 18.12.1976, s. 3
|
| 958 |
|
|
|a RU
|
| 958 |
|
|
|a BC
|
| 999 |
|
|
|c 2591137
|d 2593067
|